Geography Quiz

Random Geography or World Quiz

Landmark Keychains Quiz Stats

Quiz Updated Sep 1, 2016

Challenge
Share
Tweet
Score 0/20 Timer 05:00
3 Plays Today
% Correct
Statue of Liberty
96.8%
Elizabeth Tower
95.8%
Eiffel Tower
95.7%
Taj Mahal
91.9%
Golden Gate Bridge
90%
Stonehenge
87.8%
Great Sphinx
83%
Colosseum
81.8%
White House
77.4%
Moai
75.1%
% Correct
Great Wall of China
75%
Gateway Arch
64.4%
Space Needle
63.7%
Mount Kilimanjaro
60.1%
The Parthenon
57.8%
Arc de Triomphe de l'√Čtoile
52.6%
Sagrada Família
31.4%
St. Peter's Basilica
27.3%
Burj al-Arab
13.7%
Dome of the Rock
13.5%

You're not logged in!

Compare scores with friends on all Sporcle quizzes.
Sign Up with Email
OR
Log In

You Might Also Like...

Show Comments

Extras

Top Quizzes Today


Score Distribution

Your Account Isn't Verified!

In order to create a playlist on Sporcle, you need to verify the email address you used during registration. Go to your Sporcle Settings to finish the process.